000 01155nam0a2200325 4500
001 RU\NLR\BIBL_A\022257395
005 20240808155617.0
010 _a978-5-17-161735-6
_92000
021 _aRU
_bКН-П-24-027255
_9КН-П-24-2789
035 _a(NLR Aleph) 022257395
090 _a12302658
_c12302658
100 _a20240620d2024 u y0rusy50 ca
101 0 _arus
102 _aRU
105 _aa|||z|||000yy
181 0 _ai
_baxxe
182 0 _an
200 1 _aХиромантия
_eпрактики чтения линий ладони и управления судьбой
_fМартин Вэлс
203 _aТекст
_bвизуальный
_cнепосредственный
210 _aМосква
_cАСТ
_d2024
215 _a253, [1] с.
_cил.
_d21
225 1 _aВысший разум
_eлучшее
333 _a16+
606 _aХиромантия
_2nlr_sh1
_2nlr_sh2
_3RU\NLR\AUTH\66203870
686 1 _aЭ391.226
700 1 _aВэлс
_bМ.
_gМартин
_3RU\NLR\AUTH\770237690
942 _cBOOK
980 _aNB